Svetová geografia na písmeno A - Statistics

General Stats
  • This quiz has been taken 4 times
  • The average score is 13 of 20
Answer Stats
Opis geografického pojmu Odpoveď % Correct
Názov ostrovného štátu v Karibskom mori: ........ a Barbuda Antigua
100%
Jediné hlavné mesto v Južnej Amerike začínajúce sa týmto písmenom Asunción
100%
Súostrovie v Atlantickom oceáne patriace Portugalsku Azory
100%
Tretie najľudnatejšie mesto v Škótsku Aberdeen
67%
Najväčšie mesto štátu Pobrežie Slonoviny Abidjan
67%
Najvyšší vrch Južnej Ameriky Aconcagua
67%
Súostrovie v Baltskom mori patriace Fínsku so švédsky hovoriacim obyvateľstvom Alandy
67%
Európska krajina prezývaná "krajina orlov" Albánsko
67%
Pohorie na hraniciach Mongolska, Kazachstanu a Ruska Altaj
67%
Druhá najvyššia náhorná plošina na Zemi zasahujúca do štyroch krajín Južnej Ameriky Altiplano
67%
Historické územie v južnom Španielsku ktorého hlavným mestom je Sevilla Andalúzia
67%
Najväčší polostrov na Zemi Arabský
67%
Ostrov patriaci Holandsku nachádzajúci sa približne 30 km od Venezuely Aruba
67%
Hlavné mesto Turkménska Ašchabad
67%
Najväčšia umelo vytvorená priehrada na rieke Níl Asuánska
67%
Hlavné mesto štátu USA Texas Austin
67%
Záliv medzi Jemenom a Somálskom Adenský
33%
Indické mesto pri ktorom sa nachádza svetoznámy pomník Tádž Mahal Agra
33%
Mesto na Blízkom východe s oficiálnym menom Halab, ktoré je považované za jedno z najstarších miest sveta Aleppo
33%
Mesto v centrálnej Austrálii pri MacDonellových vrchoch obklopené púšťou Alice Springs
33%
No matching quizzes found
Score Distribution
Percent of People with Each Score
Percentile by Number Answered
Your Score History
You have not taken this quiz